| 000 | 01334cam a22003614a 4500 | ||
|---|---|---|---|
| 003 | OSt | ||
| 005 | 20140310184501.0 | ||
| 008 | 060510s2007 nyuab b 001 0 eng | ||
| 010 | _a 2006015612 | ||
| 020 | _a9780439899598 (hardcover : alk. paper) | ||
| 020 | _a0439899591 (hardcover : alk. paper) | ||
| 040 |
_aDLC _cDLC _dDLC |
||
| 042 | _apcc | ||
| 043 | _af-ke--- | ||
| 050 | 0 | 0 |
_aQL 737.U57 _b.H38 2007 |
| 100 | 1 |
_aHatkoff, Isabella. _928547 |
|
| 245 | 1 | 0 |
_aOwen & Mzee : _bthe language of friendship / _ctold by Isabella Hatkoff, Craig Hatkoff, and Paula Kuhumbu ; with photographs by Peter Greste. |
| 250 | _a1st ed. | ||
| 260 |
_aNew York : _bScholastic Press, _c2007. |
||
| 300 |
_bcol. ill. ; _c25 cm. |
||
| 521 | _aG8 | ||
| 526 | _c980 | ||
| 650 | 0 |
_aHippopotamus _xBehavior _zKenya _vJuvenile literature. _928632 |
|
| 650 | 0 |
_aAldabra tortoise _xBehavior _zKenya _vJuvenile literature. _928633 |
|
| 650 | 0 |
_aSocial behavior in animals _zKenya _vJuvenile literature. _928634 |
|
| 700 | 1 |
_aHatkoff, Craig. _928551 |
|
| 700 | 1 |
_aKahumbu, P. _q(Paula) _928635 |
|
| 700 | 1 |
_aGreste, Peter, _eill. _928636 |
|
| 906 |
_a7 _bcbc _corignew _d1 _eecip _f20 _gy-gencatlg |
||
| 942 |
_2lcc _cBK-SCHOLAS |
||
| 999 |
_c34733 _d34733 |
||